| 000 | 00580nam a2200193 a 4500 | ||
|---|---|---|---|
| 005 | 20240925064056.0 | ||
| 008 | 991125s1947 ag 000 0 spa u | ||
| 035 | _aUPN01000000735 | ||
| 049 | _aCG | ||
| 050 | 4 |
_aLB1117 _bB6.28 |
|
| 100 | 1 |
_aBodin, Paul, _d1909- |
|
| 245 | 1 | 3 |
_aLa adaptación del niño al medio escolar / _cPaul Bodin ; pref. Pierre Joulia. |
| 260 |
_aBuenos Aires : _bKapelusz, _c1947. |
||
| 300 | _a156 p. | ||
| 440 | 0 |
_aBiblioteca de cultura pedagógica ; _v2 |
|
| 650 | 2 |
_aAdaptación (Psicología) _9404 |
|
| 650 | 4 |
_aNiño, Estudio del _9221 |
|
| 905 | _aLibro | ||
| 999 |
_c735 _d735 |
||